[Event "SR 4. liga A21 2014/2015"]
[Site "?"]
[Date "2014.12.07"]
[Round "5.6"]
[White "Kovarik, Oto"]
[Black "Pericka, Tomas"]
[Result "0-1"]
[WhiteElo "1926"]
[BlackElo "2010"]
[PlyCount "64"]
[EventDate "2014.??.??"]

1. e4 c5 2. Nf3 Nc6 3. d4 cxd4 4. Nxd4 g6 5. Be3 Bg7 6. Be2 Nf6 7. Nc3 O-O 8.
O-O d5 9. exd5 Nb4 10. Bf3 Nbxd5 11. Nxd5 Nxd5 12. Bxd5 Qxd5 13. c3 b6 14. a4
Bb7 15. Nf3 Qe4 16. Ne1 Ba6 17. Nf3 Bxf1 18. Qxf1 Rfd8 19. a5 bxa5 20. Rxa5 Qc2
21. Nd4 Qxb2 22. Rc5 Bxd4 23. Bxd4 Rxd4 24. cxd4 Qxd4 25. Rc4 Qd5 26. Rc1 a5
27. h3 a4 28. Ra1 a3 29. Qe2 e6 30. Ra2 Qb3 31. Kh2 Qc3 32. Rc2 Qxc2 0-1

[Event "SR 4. liga A21 2014/2015"]
[Site "?"]
[Date "2014.12.07"]
[Round "5.6"]
[White "Skapikova, Lubica"]
[Black "Cerovsky, Marian"]
[Result "1-0"]
[WhiteElo "1862"]
[BlackElo "1847"]
[PlyCount "65"]
[EventDate "2014.??.??"]

1. e4 e5 2. Nf3 d6 3. d4 exd4 4. Nxd4 c6 5. Nc3 Nd7 6. Be2 Ngf6 7. Bf4 Ne5 8.
Qd2 Be7 9. O-O-O Qa5 10. Nb3 Qc7 11. Bg5 Be6 12. f4 Nc4 13. Bxc4 Bxc4 14. e5
dxe5 15. fxe5 Nd5 16. Bxe7 Qxe7 17. Na5 Nxc3 18. Qxc3 Bd5 19. Kb1 O-O-O 20.
Rxd5 Rxd5 21. Nxc6 Qc5 22. Ne7+ Kb8 23. Nxd5 Qxd5 24. Qg3 Rd8 25. b3 Qe6 26.
Qxg7 Qg6 27. Qxg6 hxg6 28. Kb2 Rd2 29. Rf1 Rxg2 30. Rxf7 Rxh2 31. e6 Rh5 32.
Rf8+ Kc7 33. e7 1-0

[Event "SR 4. liga A21 2014/2015"]
[Site "?"]
[Date "2014.12.07"]
[Round "5.6"]
[White "Damborsky, Pavol"]
[Black "Skapik, Branislav"]
[Result "0-1"]
[WhiteElo "1772"]
[BlackElo "1822"]
[PlyCount "84"]
[EventDate "2014.??.??"]

1. c4 e6 2. Nc3 Nf6 3. g3 d5 4. cxd5 Nxd5 5. Nxd5 exd5 6. Bg2 c6 7. Nf3 Bd6 8.
d4 Bf5 9. Nh4 Be6 10. Qc2 Qd7 11. Bd2 Be7 12. Nf3 Bf5 13. Qc3 f6 14. Nh4 Be6
15. f4 Na6 16. a3 Nc7 17. b4 O-O 18. O-O Nb5 19. Qd3 Nd6 20. f5 Bf7 21. g4 Rfe8
22. Qg3 Ne4 23. Bxe4 dxe4 24. Be3 Bd6 25. Qg2 Be7 26. Rad1 Bd5 27. Qh3 a5 28.
bxa5 Rxa5 29. Bc1 Rea8 30. e3 Bxa3 31. Bd2 R5a6 32. Qg2 Be7 33. Qh3 Ra2 34. Rf2
Ra1 35. Rdf1 c5 36. dxc5 Bxc5 37. Ng2 Bc4 38. Rxa1 Rxa1+ 39. Ne1 Rd1 40. Qg2
Bxe3 41. Bb4 Qd4 42. h3 Bd5 0-1

[Event "SR 4. liga A21 2014/2015"]
[Site "?"]
[Date "2014.12.07"]
[Round "5.6"]
[White "Sadlon, Matus"]
[Black "Dubecky, Ladislav"]
[Result "1-0"]
[WhiteElo "1591"]
[BlackElo "1620"]
[PlyCount "79"]
[EventDate "2014.??.??"]

1. e4 e5 2. Nf3 d6 3. c3 Nf6 4. Qc2 Bg4 5. Be2 Nc6 6. d3 Be7 7. Be3 O-O 8. Nbd2
a6 9. Nf1 Bxf3 10. Bxf3 Qd7 11. Ng3 Ng4 12. Bd2 Bh4 13. Qd1 Nxf2 14. Kxf2 Bxg3+
15. hxg3 f5 16. Kg1 f4 17. gxf4 exf4 18. Qe2 Rf6 19. Bg4 Qe7 20. Rf1 Raf8 21.
d4 g5 22. Kf2 h6 23. Rh5 Kg7 24. Rfh1 b5 25. Bf5 Rh8 26. Qg4 Kf7 27. Rxg5 Qf8
28. Rg6 Ne7 29. Rxf6+ Kxf6 30. Bxf4 Kf7 31. Qh5+ Kg8 32. Rh4 Nxf5 33. exf5 Rh7
34. Rg4+ Kh8 35. Qg6 h5 36. Rh4 Qg8 37. Bg5 Qxg6 38. fxg6 Rd7 39. Bf6+ Kg8 40.
Rxh5 1-0

[Event "SR 4. liga A21 2014/2015"]
[Site "?"]
[Date "2014.12.07"]
[Round "5.6"]
[White "Blanarik, Dominik"]
[Black "Svarc, Vaclav"]
[Result "0-1"]
[WhiteElo "1555"]
[BlackElo "1094"]
[PlyCount "34"]
[EventDate "2014.??.??"]

1. e4 e5 2. Nf3 Nc6 3. Bc4 Bc5 4. c3 d6 5. d4 Bb6 6. Ng5 Nh6 7. Qf3 O-O 8. Bd3
exd4 9. O-O Ne5 10. Qe2 Bg4 11. Nf3 Qf6 12. Bg5 Qg6 13. Bxh6 Nxf3+ 14. Kh1 Nxh2
15. f3 Qxh6 16. Qd2 g5 17. Rf2 Nxf3# 0-1

[Event "SR 4. liga A21 2014/2015"]
[Site "?"]
[Date "2015.01.04"]
[Round "6.1"]
[White "Nemeckay, Rastislav"]
[Black "Pericka, Tomas"]
[Result "0-1"]
[WhiteElo "1985"]
[BlackElo "2010"]
[PlyCount "72"]
[EventDate "2014.??.??"]

1. e4 c5 2. Nf3 Nc6 3. Bb5 Nd4 4. Nxd4 cxd4 5. O-O g6 6. c3 a6 7. Be2 Bg7 8. c4
d6 9. d3 f5 10. exf5 Bxf5 11. Bg4 Nf6 12. Bxf5 gxf5 13. Bg5 O-O 14. Bxf6 Rxf6
15. Nd2 e5 16. Qf3 Qd7 17. Qd5+ Kh8 18. f4 Qc6 19. Qxc6 bxc6 20. Rae1 Rff8 21.
c5 e4 22. dxe4 dxc5 23. e5 Rfe8 24. Rc1 Bf8 25. Nc4 Rab8 26. Rf3 Kg7 27. Kf2
Kf7 28. Ra3 Ra8 29. Ke2 Ke6 30. Rh3 Ra7 31. Rb3 Be7 32. Kd3 Rg8 33. g3 h5 34.
Nb6 h4 35. Kc4 Rb7 36. a4 a5 0-1

[Event "SR 4. liga A21 2014/2015"]
[Site "?"]
[Date "2015.01.04"]
[Round "6.1"]
[White "Skapikova, Lubica"]
[Black "Klimes, Karel"]
[Result "1-0"]
[WhiteElo "1862"]
[BlackElo "1688"]
[PlyCount "95"]
[EventDate "2014.??.??"]

1. e4 e5 2. Nf3 Nc6 3. Bb5 a6 4. Ba4 Nf6 5. O-O d6 6. Re1 Be7 7. c3 O-O 8. d3
Bg4 9. Nbd2 Qd7 10. Nf1 Bxf3 11. Qxf3 Qg4 12. Qxg4 Nxg4 13. h3 Nf6 14. Ng3 b5
15. Bb3 h6 16. Nf5 Bd8 17. Re3 Ne7 18. g4 Nh7 19. Rg3 Ng6 20. Be3 Bg5 21. Rf1
Nf4 22. Bxf4 Bxf4 23. h4 Bxg3 24. fxg3 Rae8 25. Bd5 Nf6 26. Bc6 Rb8 27. g5 hxg5
28. hxg5 Ng4 29. Kg2 g6 30. Ne7+ Kg7 31. Nd5 Rh8 32. Bd7 Rh2+ 33. Kg1 Rh3 34.
Kg2 Rh2+ 35. Kf3 f5 36. exf5 gxf5 37. Bxf5 Rf8 38. Kxg4 c6 39. Nc7 Kh8 40. g6
Rh6 41. Kg5 Rh2 42. g7+ Kxg7 43. Ne6+ Kg8 44. Nxf8 Kxf8 45. Kg6 Rxb2 46. g4
Rxa2 47. g5 Rh2 48. Ra1 1-0

[Event "SR 4. liga A21 2014/2015"]
[Site "?"]
[Date "2015.01.04"]
[Round "6.1"]
[White "Wallner, Juraj"]
[Black "Skapik, Branislav"]
[Result "0-1"]
[WhiteElo "1606"]
[BlackElo "1822"]
[PlyCount "58"]
[EventDate "2014.??.??"]

1. e4 e5 2. Nf3 Nc6 3. Bc4 Bc5 4. Nc3 Nf6 5. d3 h6 6. Be3 Bxe3 7. fxe3 d6 8. h3
Na5 9. Bb3 Nxb3 10. axb3 Qe7 11. Qe2 Bd7 12. d4 O-O 13. O-O Bc6 14. Nd2 a6 15.
Qf3 Rae8 16. Rae1 Nh7 17. Qg3 Qg5 18. Qh2 exd4 19. Rf5 Qg6 20. exd4 Bxe4 21.
Rf4 Bxc2 22. Rxe8 Rxe8 23. Nf3 Ng5 24. Kf2 Nxf3 25. Rxf3 Bxb3 26. Ne2 Qe4 27.
Rxb3 Qxe2+ 28. Kg3 Re3+ 29. Rxe3 Qxe3+ 0-1

[Event "SR 4. liga A21 2014/2015"]
[Site "?"]
[Date "2015.01.04"]
[Round "6.1"]
[White "Perickova, Jana"]
[Black "Tomasovic, Roman"]
[Result "1-0"]
[WhiteElo "1530"]
[BlackElo "1363"]
[PlyCount "76"]
[EventDate "2014.??.??"]

1. e4 e5 2. Nf3 Nf6 3. Nxe5 Qe7 4. Nf3 Qxe4+ 5. Be2 Bc5 6. Nc3 Qe7 7. d3 h6 8.
O-O O-O 9. Nh4 d6 10. a3 a6 11. Re1 Bxf2+ 12. Kxf2 Ng4+ 13. Bxg4 Qxh4+ 14. Kg1
Qxg4 15. Qxg4 Bxg4 16. Nd5 Nd7 17. Bf4 Ne5 18. d4 Ng6 19. Nxc7 Nxf4 20. Nxa8
Ne2+ 21. Kf1 Rxa8 22. Rxe2 Bxe2+ 23. Kxe2 Re8+ 24. Kf2 f5 25. Re1 Rxe1 26. Kxe1
Kf7 27. c4 g5 28. Kf2 Ke6 29. b4 d5 30. c5 Kd7 31. a4 h5 32. h3 Kc6 33. Kf3 Kd7
34. g3 g4+ 35. hxg4 hxg4+ 36. Kf4 Ke6 37. b5 axb5 38. axb5 Kf6 1-0

[Event "SR 4. liga A21 2014/2015"]
[Site "?"]
[Date "2015.01.04"]
[Round "6.1"]
[White "Tomasovic, Pavol"]
[Black "Svarc, Vaclav"]
[Result "0-1"]
[WhiteElo "1284"]
[BlackElo "1094"]
[PlyCount "44"]
[EventDate "2014.??.??"]

1. e4 e5 2. Nf3 Nc6 3. Bb5 Nf6 4. O-O Bc5 5. Re1 O-O 6. c3 d6 7. h3 Bd7 8. d3
a6 9. Ba4 h6 10. Be3 Bxe3 11. Rxe3 Be6 12. Nbd2 b5 13. Bc2 b4 14. a3 bxc3 15.
bxc3 Rb8 16. Nf1 Nh5 17. d4 Nf4 18. d5 Bxh3 19. gxh3 Nxh3+ 20. Kg2 Qd7 21. N1h2
Rb2 22. dxc6 Qe6 0-1

[Event "SR 4. liga A21 2014/2015"]
[Site "?"]
[Date "2015.01.04"]
[Round "6.2"]
[White "Hudacek, Josef"]
[Black "Kovarik, Oto"]
[Result "1-0"]
[WhiteElo "2037"]
[BlackElo "1926"]
[PlyCount "97"]
[EventDate "2014.??.??"]

1. e4 c5 2. Ne2 e6 3. g3 Nc6 4. Bg2 d5 5. Nbc3 d4 6. Nb1 g6 7. d3 Bg7 8. Nd2
Nge7 9. O-O O-O 10. f4 Rb8 11. a4 a6 12. h3 Nb4 13. Rf2 Bd7 14. Nf3 b5 15. c3
dxc3 16. bxc3 bxa4 17. Ra3 a5 18. Be3 Na6 19. Ne5 Be8 20. d4 Nc6 21. Qd3 Nc7
22. Qc4 Nxe5 23. fxe5 cxd4 24. cxd4 Bb5 25. Qc5 Na6 26. Qd6 Re8 27. Qxd8 Rexd8
28. Nc3 Bf8 29. Nxb5 Bxa3 30. Nxa3 Rb3 31. Nc4 Rc8 32. Nd6 Rc7 33. Bg5 a3 34.
Bd8 Nb4 35. Bxc7 a2 36. Rxa2 Nxa2 37. Bxa5 Rxg3 38. Kf2 Rd3 39. d5 Nc1 40. Nc8
Kf8 41. d6 Ke8 42. Bf1 Rb3 43. Bc4 Rb7 44. Nb6 Ra7 45. Bb5+ Kd8 46. Nc4+ Rxa5
47. Nxa5 Kc8 48. d7+ Kc7 49. Nb7 1-0

[Event "SR 4. liga A21 2014/2015"]
[Site "?"]
[Date "2015.01.04"]
[Round "6.2"]
[White "Cerovsky, Marian"]
[Black "Vepy, Ivan"]
[Result "1-0"]
[WhiteElo "1847"]
[BlackElo "1923"]
[PlyCount "65"]
[EventDate "2014.??.??"]

1. e4 e5 2. Nf3 Nc6 3. Bb5 a6 4. Ba4 Nf6 5. d3 Be7 6. Bxc6 dxc6 7. Nxe5 O-O 8.
O-O Qd6 9. Nf3 Qc5 10. h3 Be6 11. Nc3 Rad8 12. a3 h6 13. Nh2 Ne8 14. Be3 Qd6
15. f4 f5 16. e5 Qd7 17. Ne2 Kh7 18. Nf3 Bf7 19. Ng3 Rg8 20. h4 g6 21. Kf2 Ng7
22. Rh1 Ne6 23. Qg1 Qd5 24. h5 Bc5 25. hxg6+ Bxg6 26. Qh2 Bxe3+ 27. Kxe3 Qc5+
28. d4 Qf8 29. c3 Rh8 30. Nh4 Qg7 31. Nhxf5 Bxf5 32. Nxf5 Qg6 33. Qxh6+ 1-0

[Event "SR 4. liga A21 2014/2015"]
[Site "?"]
[Date "2015.01.04"]
[Round "6.2"]
[White "Hrubsa, Marian"]
[Black "Damborsky, Pavol"]
[Result "1/2-1/2"]
[WhiteElo "1826"]
[BlackElo "1772"]
[PlyCount "74"]
[EventDate "2014.??.??"]

1. e4 e5 2. Nf3 d6 3. d4 exd4 4. Nxd4 Nf6 5. Nc3 a6 6. Be2 Be7 7. O-O h6 8. Be3
c5 9. Nb3 b5 10. a3 Nbd7 11. f4 Bb7 12. Bf3 O-O 13. Qe1 Nh7 14. Rd1 Qc7 15. Nd5
Bxd5 16. exd5 Rae8 17. c3 Bf6 18. Qf2 Re7 19. Nd2 Rfe8 20. Ne4 Rxe4 21. Bxe4
Rxe4 22. Qf3 Re8 23. g4 Ndf8 24. Rde1 Bh4 25. Bf2 Bxf2+ 26. Qxf2 Rxe1 27. Rxe1
Nf6 28. Qf3 Ng6 29. g5 hxg5 30. fxg5 Ne5 31. Rxe5 dxe5 32. gxf6 Qd6 33. fxg7
Qg6+ 34. Kf2 Qc2+ 35. Qe2 Qf5+ 36. Qf3 Qc2+ 37. Qe2 Qf5+ 1/2-1/2

[Event "SR 4. liga A21 2014/2015"]
[Site "?"]
[Date "2015.01.04"]
[Round "6.2"]
[White "Dubecky, Ladislav"]
[Black "Planka, Peter"]
[Result "1/2-1/2"]
[WhiteElo "1620"]
[BlackElo "1764"]
[PlyCount "82"]
[EventDate "2014.??.??"]

1. e4 e5 2. f4 exf4 3. Nf3 d6 4. d4 Be7 5. h4 Nf6 6. Nc3 Nc6 7. Bc4 Bg4 8. Bxf4
O-O 9. Rf1 Nh5 10. Bg5 Bxg5 11. hxg5 Na5 12. Be2 Ng3 13. Rf2 Nxe2 14. Rxe2 Bxf3
15. gxf3 Qxg5 16. Rf2 f5 17. d5 fxe4 18. Nxe4 Qe3+ 19. Qe2 Qxe2+ 20. Kxe2 Nc4
21. b3 Nb6 22. c4 Rae8 23. Rh2 Nd7 24. Rah1 h6 25. Rg1 Kh8 26. Kf2 Nf6 27. Ng5
Ne4+ 28. Nxe4 Rxe4 29. Kg3 Re3 30. Rf1 Kh7 31. Kg4 Rfe8 32. Rff2 Kg6 33. Rhg2
R8e5 34. Kf4+ Kf6 35. Rh2 Re1 36. Rfg2 Rf5+ 37. Kg3 Rg5+ 38. Kf4 Rxg2 39. Rxg2
Re5 40. Rh2 g5+ 41. Kg4 Kg6 1/2-1/2

[Event "SR 4. liga A21 2014/2015"]
[Site "?"]
[Date "2015.01.04"]
[Round "6.2"]
[White "Danihel, Jozef"]
[Black "Blanarik, Dominik"]
[Result "1-0"]
[WhiteElo "1574"]
[BlackElo "1555"]
[PlyCount "83"]
[EventDate "2014.??.??"]

1. d4 d6 2. c4 Nf6 3. Nc3 c6 4. Nf3 Bg4 5. Qb3 b6 6. Bf4 Bxf3 7. exf3 g6 8. Bd3
Bg7 9. O-O O-O 10. Rfe1 e6 11. Rad1 Nh5 12. Be3 Qc7 13. Ne4 Nd7 14. g4 Nhf6 15.
Bf1 d5 16. Ng3 dxc4 17. Qxc4 Nd5 18. Rc1 Rac8 19. b4 Nxe3 20. fxe3 Qd6 21. Bg2
b5 22. Qb3 Rc7 23. Ne4 Qe7 24. Nc5 Nxc5 25. Rxc5 e5 26. dxe5 Bxe5 27. Rec1 Rfc8
28. f4 Bd6 29. Rxc6 Bxb4 30. Rxc7 Rxc7 31. Rxc7 Qxc7 32. Qxb4 Qc1+ 33. Kf2 Qc2+
34. Kg3 a6 35. Bd5 Qd3 36. Qe4 Qxe4 37. Bxe4 a5 38. Bc2 Kf8 39. Kf3 Ke7 40. Ke4
Kd6 41. Kd4 f6 42. h4 1-0

[Event "SR 4. liga A21 2014/2015"]
[Site "?"]
[Date "2015.01.04"]
[Round "6.3"]
[White "Podjavorinsky, Michal"]
[Black "Curidlo, Jan"]
[Result "1/2-1/2"]
[WhiteElo "1736"]
[BlackElo "1889"]
[PlyCount "71"]
[EventDate "2014.??.??"]

1. e4 Nc6 2. Nf3 e5 3. d4 exd4 4. Nxd4 Bc5 5. Be3 Qe7 6. Nxc6 dxc6 7. Bxc5 Qxc5
8. Nc3 Nf6 9. Bd3 Bg4 10. Be2 Rd8 11. Qc1 Bxe2 12. Nxe2 Nxe4 13. O-O O-O 14.
Ng3 Nxg3 15. hxg3 Rd6 16. Re1 Rfd8 17. c3 Qb5 18. Qe3 Re6 19. Qf4 Rh6 20. f3
Qc5+ 21. Qe3 Qxe3+ 22. Rxe3 Rhd6 23. Rae1 Kf8 24. Kf2 Rd2+ 25. R1e2 Rxe2+ 26.
Rxe2 Rd6 27. g4 g5 28. Ke1 Kg7 29. Re7 Re6+ 30. Rxe6 fxe6 31. Ke2 Kf6 32. Kd3
Ke5 33. g3 c5 34. c4 c6 35. Ke3 Kf6 36. Ke4 1/2-1/2

[Event "SR 4. liga A21 2014/2015"]
[Site "?"]
[Date "2015.01.04"]
[Round "6.3"]
[White "Slaby, Jozef"]
[Black "Miciak, Emanuel"]
[Result "1-0"]
[WhiteElo "1879"]
[BlackElo "1882"]
[PlyCount "105"]
[EventDate "2014.??.??"]

1. c4 Nf6 2. Nc3 g6 3. g3 Bg7 4. Bg2 c5 5. e3 O-O 6. Nge2 d6 7. d4 Nc6 8. O-O
Bd7 9. b3 Rb8 10. Bb2 cxd4 11. exd4 Bf5 12. a3 Qb6 13. Na4 Qc7 14. Re1 b5 15.
cxb5 Rxb5 16. Rc1 d5 17. Nec3 Ra5 18. b4 Rxa4 19. Nxa4 Qd7 20. Nc5 Qd6 21. Nd3
Ne4 22. Ne5 Nd8 23. Qe2 h5 24. Qe3 Kh7 25. f4 Bh6 26. Nf3 Ne6 27. Nh4 Rg8 28.
Rf1 Ng7 29. Rce1 f6 30. Nxf5 gxf5 31. Bc1 h4 32. g4 e5 33. dxe5 fxe5 34. gxf5
Nxf5 35. Qh3 Qg6 36. Kh1 Nfg3+ 37. hxg3 Nxg3+ 38. Kg1 exf4 39. Rxf4 Ne4 40.
Rxh4 Ng5 41. Re7+ Rg7 42. Rxg7+ Qxg7 43. Rxh6+ Qxh6 44. Qxh6+ Kxh6 45. Bxg5+
Kxg5 46. Bxd5 Kf4 47. b5 Ke5 48. Bb3 Kd4 49. a4 Kc5 50. Kf2 Kb4 51. Bd1 Ka5 52.
Ke3 a6 53. Be2 1-0

[Event "SR 4. liga A21 2014/2015"]
[Site "?"]
[Date "2015.01.04"]
[Round "6.3"]
[White "Smrek, Peter"]
[Black "Orvisky, Vladimir"]
[Result "1-0"]
[WhiteElo "1831"]
[BlackElo "1800"]
[PlyCount "61"]
[EventDate "2014.??.??"]

1. Nf3 Nf6 2. Nc3 d5 3. d4 c6 4. g3 Bf5 5. Bg2 Qc8 6. h3 g6 7. g4 Bd7 8. Ne5
Bg7 9. Qd3 Be6 10. Bf4 Nbd7 11. g5 Ng8 12. O-O-O Nxe5 13. dxe5 Bf5 14. e4 dxe4
15. Bxe4 Be6 16. h4 Qc7 17. Qg3 Qa5 18. a3 h5 19. Qe3 Qb6 20. Qe2 Bd7 21. Rd3
O-O-O 22. Rhd1 Qc7 23. Qd2 e6 24. Qe3 b6 25. Nb5 Qb8 26. Nd6+ Kc7 27. Nxf7 Ne7
28. Rc3 Nd5 29. Bxd5 Qc8 30. Qe4 exd5 31. Qxd5 1-0

[Event "SR 4. liga A21 2014/2015"]
[Site "?"]
[Date "2015.01.04"]
[Round "6.3"]
[White "Bardik, Jozef"]
[Black "Lanyi, Frantisek"]
[Result "0-1"]
[WhiteElo "1928"]
[BlackElo "1655"]
[PlyCount "74"]
[EventDate "2014.??.??"]

1. c4 e5 2. Nc3 Nf6 3. e4 Nc6 4. Nf3 d6 5. d3 Bg4 6. h3 Bxf3 7. Qxf3 Nd4 8. Qd1
Be7 9. Ne2 c5 10. Nxd4 cxd4 11. Be2 O-O 12. f4 Nd7 13. O-O f5 14. exf5 Rxf5 15.
Bg4 Rf8 16. Be6+ Kh8 17. f5 Nc5 18. Bd5 Rb8 19. b4 Nd7 20. a4 Bg5 21. a5 Bxc1
22. Rxc1 Qg5 23. Be6 Nf6 24. Qf3 Nh5 25. Kh2 Nf4 26. g3 Nxe6 27. Qd5 Qd2+ 28.
Kh1 Ng5 29. Qxd6 Nf3 30. Rxf3 Qxc1+ 31. Kg2 Qd2+ 32. Rf2 Qxd3 33. f6 Qg6 34.
Qxe5 Rbe8 35. Qb5 Qe4+ 36. Kh2 Rxf6 37. Rg2 Qc6 0-1

[Event "SR 4. liga A21 2014/2015"]
[Site "?"]
[Date "2015.01.04"]
[Round "6.3"]
[White "Madzo, Anton"]
[Black "Nedorost, Lubomir"]
[Result "0-1"]
[WhiteElo "1582"]
[BlackElo "1707"]
[PlyCount "92"]
[EventDate "2014.??.??"]

1. e4 c5 2. Bc4 d6 3. Nc3 Nf6 4. d3 g6 5. Rb1 Bg7 6. Nge2 O-O 7. O-O Nc6 8. a3
Ne5 9. Ba2 Be6 10. f4 Bxa2 11. Nxa2 Neg4 12. h3 Nh6 13. Ng3 e6 14. Be3 Nd7 15.
Nc1 f5 16. exf5 Nxf5 17. Nxf5 Rxf5 18. Qe1 Qc7 19. Ne2 Raf8 20. Qd2 Nb6 21. c3
Nd5 22. Rf3 e5 23. Rbf1 Qd7 24. c4 Nxe3 25. Qxe3 exf4 26. Qd2 g5 27. b3 d5 28.
Rd1 dxc4 29. dxc4 Qe6 30. Kh2 Re8 31. Nc3 Bd4 32. Nd5 Qf7 33. Rdf1 Rfe5 34.
Nxf4 gxf4 35. Rxf4 Qc7 36. Rg4+ Kh8 37. Kh1 Re3 38. Rxd4 cxd4 39. Qxd4+ Qe5 40.
Qxa7 Rxb3 41. Qa4 Re3 42. Qd7 Qg7 43. Qd6 Rg8 44. Qd2 Rxa3 45. Qf2 Rc3 46. Qe2
Rxc4 0-1

[Event "SR 4. liga A21 2014/2015"]
[Site "?"]
[Date "2015.01.04"]
[Round "6.4"]
[White "Kavon, Rastislav"]
[Black "Kocak, Branislav"]
[Result "1-0"]
[WhiteElo "2153"]
[BlackElo "1912"]
[PlyCount "99"]
[EventDate "2014.??.??"]

1. e4 c5 2. Nf3 d6 3. d4 cxd4 4. Nxd4 Nf6 5. Nc3 a6 6. h3 e5 7. Nb3 Be6 8. f4
Qc7 9. f5 Bc4 $11 10. Be3 Nbd7 11. Qf3 h5 12. g3 Be7 13. O-O-O Bxf1 14. Rhxf1
b5 15. g4 hxg4 16. hxg4 b4 17. Nd5 Nxd5 18. exd5 Rh2 19. Rf2 Rxf2 20. Qxf2 a5
21. Kb1 Rc8 22. g5 a4 23. Nc1 f6 24. g6 Qc4 25. Qg2 Nc5 26. Bxc5 Rxc5 27. b3
axb3 28. Nxb3 Rc8 29. Rh1 Kd7 $11 30. Rd1 Rh8 31. Qf2 Qa6 32. Qe1 Qb5 33. Qe3
Bd8 34. Qe4 Bb6 35. Rh1 Rxh1+ 36. Qxh1 Kc7 37. Qh8 Qd7 38. Kb2 Kb7 39. Qg8 Ka6
40. a3 bxa3+ 41. Kxa3 Qa7 42. Qc8+ Qb7 43. Qxb7+ Kxb7 44. Nd2 Be3 45. Ne4 Bh6
46. Nxd6+ Kc7 47. Ne4 Kb6 48. Kb4 Kc7 49. Kb5 Kd7 50. c4 1-0

[Event "SR 4. liga A21 2014/2015"]
[Site "?"]
[Date "2015.01.04"]
[Round "6.4"]
[White "Brunovsky, Peter"]
[Black "Mackovic, Miroslav"]
[Result "0-1"]
[WhiteElo "1869"]
[BlackElo "1846"]
[PlyCount "88"]
[EventDate "2014.??.??"]

1. d4 Nf6 2. Nf3 g6 3. Bf4 Bg7 4. e3 d6 5. h3 O-O 6. Bc4 Nfd7 7. O-O Nc6 8. c3
e5 9. Bg3 h6 10. a3 Kh8 11. Nbd2 f5 12. Qc2 Qf6 13. Ba2 Ne7 14. Rac1 g5 15. Bb1
c6 16. Bh2 e4 17. Nxe4 fxe4 18. Qxe4 Kg8 19. Qh7+ Kf7 20. Ba2+ Ke8 21. Bxd6 Rh8
22. Bxe7 Qxe7 23. Qg6+ Kd8 24. d5 c5 25. Rfd1 Ne5 26. Nxe5 Qxe5 27. d6 b6 28.
Bd5 Rb8 29. Bc6 Qf6 30. Qd3 g4 31. d7 Bb7 32. Bxb7 Rxb7 33. Qd5 Rb8 34. hxg4
Rf8 35. f4 Kc7 36. Rd2 Qe7 37. Kf2 Rbd8 38. Rcd1 Rf7 39. Qh5 Rf6 40. g3 Re6 41.
Rd3 c4 42. Rd4 Bxd4 43. Rxd4 Rxe3 44. Rxc4+ Kb8 0-1

[Event "SR 4. liga A21 2014/2015"]
[Site "?"]
[Date "2015.01.04"]
[Round "6.4"]
[White "Gajarsky, Julius"]
[Black "Zajicek, Ferdinand"]
[Result "0-1"]
[WhiteElo "1798"]
[BlackElo "1836"]
[PlyCount "120"]
[EventDate "2014.??.??"]

1. d4 c5 2. d5 Nf6 3. c4 g6 4. Nc3 d6 5. e4 Bg7 6. Be2 O-O 7. f4 e6 8. Nf3 a6
9. O-O exd5 10. exd5 Re8 11. Qc2 Bf5 12. Bd3 Bxd3 13. Qxd3 Nbd7 14. Bd2 Qb6 15.
Na4 Qc7 16. Nc3 Rab8 17. a4 Re7 18. Rae1 Rbe8 19. Rxe7 Rxe7 20. Re1 Rxe1+ 21.
Bxe1 Qb6 22. Qc2 Qd8 23. Qe2 Qe8 24. Qxe8+ Nxe8 25. g4 h6 26. Kg2 Ndf6 27. h3
Nc7 28. Nd2 Nfe8 $11 29. Nde4 Kf8 30. Bh4 f6 31. Bg3 f5 32. gxf5 gxf5 33. Nd2
Bxc3 34. bxc3 Nf6 35. Kf3 b5 36. axb5 axb5 37. cxb5 Nfxd5 38. c4 Nb6 39. Bf2
Kf7 40. Bh4 Ne6 $11 41. Bf2 Nc7 42. Ke2 Ke6 43. Kd3 Kd7 44. Nb3 Ne6 45. Be3 Kc7
46. Nc1 d5 47. cxd5 Nxd5 48. Ne2 Kb6 49. Kd2 Kxb5 50. Nc3+ Kc4 51. Nxd5 Kxd5
52. Kd3 c4+ 53. Kc3 Ke4 54. Bc1 Nxf4 55. Kxc4 h5 56. h4 Ng2 57. Bg5 f4 58. Kc3
Ke3 59. Be7 f3 60. Bc5+ Ke2 0-1

[Event "SR 4. liga A21 2014/2015"]
[Site "?"]
[Date "2015.01.04"]
[Round "6.4"]
[White "Kanka, Tomas"]
[Black "Lezovic, Maros"]
[Result "1/2-1/2"]
[WhiteElo "1723"]
[BlackElo "1792"]
[PlyCount "109"]
[EventDate "2014.??.??"]

1. e4 b6 2. d4 Nf6 3. e5 Nd5 4. a3 e6 5. c4 Ne7 6. Nf3 Bb7 7. Nc3 d6 8. Bf4 Ng6
9. Bg3 Be7 10. d5 O-O 11. Bd3 Nxe5 12. Nxe5 dxe5 13. Bxe5 Bf6 14. f4 exd5 15.
cxd5 Bxd5 16. Bxh7+ Kxh7 17. Qxd5 Bxe5 18. fxe5 Qxd5 19. Nxd5 Nc6 20. O-O Nxe5
21. Nxc7 Rac8 22. Nb5 Rc2 23. b4 a6 24. Rf5 f6 25. Nd4 Rd2 26. Ne6 Rc8 27. Raf1
Rcc2 28. Rh5+ Kg8 29. Nf4 Ra2 30. Rc1 Rac2 31. Rxc2 Rxc2 32. Nd5 b5 33. Rh3 Kf7
34. Rc3 Rxc3 35. Nxc3 Nc4 36. a4 Nd6 37. Kf2 Ke6 38. Kf3 Ke5 39. Ke3 Nf5+ 40.
Kd3 Nd4 41. axb5 axb5 42. Nd1 Nc6 43. Kc3 Ke4 44. Nf2+ Ke3 45. Nd3 Nxb4 46.
Nxb4 Kf2 47. g4 Kf3 48. h3 Kg3 49. Nc2 Kxh3 50. Ne3 Kg3 51. Nf5+ Kxg4 52. Nxg7
f5 53. Nxf5 Kxf5 54. Kb4 Ke4 55. Kxb5 1/2-1/2

[Event "SR 4. liga A21 2014/2015"]
[Site "?"]
[Date "2015.01.04"]
[Round "6.4"]
[White "Kozinka, Jan"]
[Black "Kastler, Peter"]
[Result "0-1"]
[WhiteElo "1791"]
[BlackElo "1757"]
[PlyCount "68"]
[EventDate "2014.??.??"]

1. e4 e6 2. d4 d5 3. e5 c5 4. c3 Nc6 5. Nf3 cxd4 6. cxd4 Qb6 7. a3 Nge7 8. Bd3
Bd7 9. Nc3 Nxd4 10. O-O Nxf3+ 11. Qxf3 Ng6 12. Re1 Bc5 13. Qe2 O-O 14. Kh1 Bxf2
15. Rf1 Bd4 16. Bf4 Rac8 17. Nb5 Bxb5 18. Bxb5 Rc7 19. Bd3 Qxb2 20. Rad1 Qxe2
21. Bxe2 Bxe5 22. Bd2 Rfc8 23. Bd3 Bb2 24. a4 Ne5 25. Bb1 Nc4 26. Bc1 Bxc1 27.
Rxc1 Nd2 28. Rxc7 Rxc7 29. Rd1 Nxb1 30. Rxb1 Kf8 31. Kg1 Ke7 32. Rb2 Kd6 33.
Kf2 f6 34. Ke2 b6 0-1

[Event "SR 4. liga A21 2014/2015"]
[Site "?"]
[Date "2015.01.04"]
[Round "6.5"]
[White "Lanik, Miroslav"]
[Black "Hirmajer, Jan"]
[Result "1-0"]
[WhiteElo "1895"]
[BlackElo "1966"]
[PlyCount "87"]
[EventDate "2014.??.??"]

1. e4 g6 2. d4 Bg7 3. Nc3 d6 4. Be3 Nf6 5. Qd2 Ng4 6. Bg5 h6 7. Bh4 c6 8. f3
Nf6 9. Bd3 Qb6 10. Nge2 Nbd7 11. Na4 Qc7 12. Nac3 b5 13. d5 Rb8 14. dxc6 Ne5
15. Bxb5 O-O 16. Bxf6 Rxb5 17. Bxg7 Kxg7 18. Nxb5 Qb6 19. Nbd4 Ba6 20. O-O-O
Rb8 21. Qc3 Kg8 22. b3 Rc8 23. h3 Bxe2 24. Nxe2 Rxc6 25. Qd4 Qa5 26. Qa4 Qc5
27. c4 Qe3+ 28. Rd2 Rb6 29. Kc2 Nc6 30. Re1 Nb4+ 31. Kd1 Nd3 32. Qe8+ Kg7 33.
Rf1 Nf2+ 34. Rxf2 Qxf2 35. Qxe7 Ra6 36. a4 Qf1+ 37. Kc2 Qa1 38. Nd4 d5 39. Qe5+
Kh7 40. exd5 Rb6 41. d6 Qa3 42. d7 Rd6 43. Qxd6 Qxd6 44. Nb5 1-0

[Event "SR 4. liga A21 2014/2015"]
[Site "?"]
[Date "2015.01.04"]
[Round "6.5"]
[White "Lajda, Dusan"]
[Black "Palka, Miroslav"]
[Result "1/2-1/2"]
[WhiteElo "1853"]
[BlackElo "1912"]
[PlyCount "62"]
[EventDate "2014.??.??"]

1. e4 c5 2. Nf3 d6 3. d4 cxd4 4. Nxd4 Nf6 5. Nc3 g6 6. Be2 Bg7 7. Be3 O-O 8.
Qd2 Nc6 9. O-O-O Nxd4 10. Bxd4 Be6 11. f3 Qa5 12. Kb1 Rfc8 13. Nd5 Qxd2 14.
Nxf6+ Bxf6 15. Rxd2 Kg7 16. g4 Bxd4 17. Rxd4 Rc5 18. Rhd1 Rac8 19. R1d2 g5 20.
Rb4 b6 21. Bd3 Bc4 22. Bxc4 Rxc4 23. Rb3 h5 24. Re3 hxg4 25. fxg4 R4c5 26. c3
Rh8 27. Kc2 Rh6 28. h3 Rf6 29. b4 Rc7 30. e5 dxe5 31. Rxe5 Rf3 1/2-1/2

[Event "SR 4. liga A21 2014/2015"]
[Site "?"]
[Date "2015.01.04"]
[Round "6.5"]
[White "Tokos, Rastislav"]
[Black "Bjel, Jan"]
[Result "1-0"]
[WhiteElo "1827"]
[BlackElo "1823"]
[PlyCount "77"]
[EventDate "2014.??.??"]

1. e4 c5 2. Nf3 Nc6 3. d4 cxd4 4. Nxd4 d6 5. Nc3 g6 6. Be3 Bg7 7. Qd2 Nf6 8. f3
Bd7 9. O-O-O Nxd4 10. Bxd4 a6 11. h4 Nh5 12. g4 Nf6 13. Be2 Kf8 14. Nd5 Nxd5
15. Bxg7+ Kxg7 16. Qxd5 Qb6 17. Qd2 h6 18. e5 Be6 19. exd6 Bxa2 20. b3 Bxb3 21.
Qc3+ Kh7 22. Qxb3 Qxb3 23. cxb3 exd6 24. Rxd6 Rac8+ 25. Kd2 Rc7 26. Bd3 Kg7 27.
h5 g5 28. Rf1 Re8 29. f4 gxf4 30. Rxf4 Re5 31. Rff6 Ra5 32. Rf4 Ra2+ 33. Ke3
Ra3 34. Rb6 Ra1 35. Rfb4 Re1+ 36. Kf2 Ree7 37. Bf5 f6 38. Rc4 Kf8 39. Rxf6+ 1-0